UBT Library

The Oxford guide to the United States government / (Record no. 44906)

000 -LEADER
fixed length control field 00899cam a22002654a 4500
001 - CONTROL NUMBER
control field 12195934
005 - DATE AND TIME OF LATEST TRANSACTION
control field 20180313085222.0
008 - FIXED-LENGTH DATA ELEMENTS--GENERAL INFORMATION
fixed length control field 001005s2001 nyu be 001 0 eng
010 ## - LIBRARY OF CONGRESS CONTROL NUMBER
LC control number 00051024
020 ## - INTERNATIONAL STANDARD BOOK NUMBER
International Standard Book Number 019514273X
040 ## - CATALOGING SOURCE
Original cataloging agency DLC
Transcribing agency DLC
Modifying agency DLC
-- DLC
041 ## - LANGUAGE CODE
Language code of text/sound track or separate title eng
042 ## - AUTHENTICATION CODE
Authentication code pcc
043 ## - GEOGRAPHIC AREA CODE
Geographic area code n-us---
080 ## - UNIVERSAL DECIMAL CLASSIFICATION NUMBER
Universal Decimal Classification number 320.47303 PAT
082 00 - DEWEY DECIMAL CLASSIFICATION NUMBER
Classification number 320.47303 PAT
Edition number 21
100 1# - Rafti
Rafti 20
101 ## - Shkurtesa
Shkurtesa POL
245 14 - TITLE STATEMENT
Title The Oxford guide to the United States government /
Statement of responsibility, etc John J. Patrick, Richard M. Pious, Donald A. Ritchie.
504 ## - BIBLIOGRAPHY, ETC. NOTE
Bibliography, etc Includes bibliographical references (p. 769-776) and index.
530 ## - ADDITIONAL PHYSICAL FORM AVAILABLE NOTE
Additional physical form available note Available also online via the Internet.
906 ## - LOCAL DATA ELEMENT F, LDF (RLIN)
a 7
b cbc
c orignew
d 1
e ocip
f 20
g y-gencatlg
942 ## - ADDED ENTRY ELEMENTS (KOHA)
Source of classification or shelving scheme
Item type Books
Holdings
Withdrawn status Lost status Source of classification or shelving scheme Damaged status Not for loan Collection code Permanent location Current location Shelving location Date acquired Total Checkouts Full call number Barcode Date last seen Price effective from Koha item type
          Koleksioni i përgjithshem UBT - Lipjan UBT - Lipjan Koleksioni i përgjithshem 03/13/2018   320.47303 PAT 002-3002086 03/13/2018 03/13/2018 Books
UBT Library © 2015-2024. All rights reserved University Education for Business and Technology